Direct & indirect taxes (BMS 2nd year 4th sem) (Record no. 825558)

MARC details
000 -LEADER
fixed length control field 00597nam a2200217Ia 4500
008 - FIXED-LENGTH DATA ELEMENTS--GENERAL INFORMATION
fixed length control field 101110s9999 xx 000 0 und d
041 ## - LANGUAGE CODE
Language code of text/sound track or separate title ENGLISH
082 ## - DEWEY DECIMAL CLASSIFICATION NUMBER
Item number SR33057
100 ## - MAIN ENTRY--PERSONAL NAME
Personal name Kishnawala V.H.,Kishnawala N.H. & etc
245 ## - TITLE STATEMENT
Title Direct & indirect taxes (BMS 2nd year 4th sem)
260 ## - PUBLICATION, DISTRIBUTION, ETC. (IMPRINT)
Date of publication, distribution, etc 0
Name of publisher, distributor, etc Vipul prakashan,Mumbai
300 ## - PHYSICAL DESCRIPTION
Extent 476
365 ## - TRADE PRICE
Price amount 250
520 ## - SUMMARY, ETC.
Summary, etc B.M.S.
546 ## - LANGUAGE NOTE
Language note ENGLISH
630 ## - SUBJECT ADDED ENTRY--UNIFORM TITLE
Uniform title Direct & indirect taxes (BMS 2nd year 4th sem)
650 ## - SUBJECT ADDED ENTRY--TOPICAL TERM
Topical term or geographic name as entry element B.M.S.
655 ## - INDEX TERM--GENRE/FORM
Genre/form data or focus term B.M.S.
730 ## - ADDED ENTRY--UNIFORM TITLE
Uniform title Direct & indirect taxes (BMS 2nd year 4th sem)
942 ## - ADDED ENTRY ELEMENTS (KOHA)
Koha item type Book
Holdings
Withdrawn status Lost status Damaged status Not for loan Home library Current library Date acquired Source of acquisition Cost, normal purchase price Shelving control number Total Checkouts Barcode Date last seen Price effective from Koha item type
        D. B. J. College, Chiplun D. B. J. College, Chiplun   Pratham books & stationary shpp. Mumbai, Cash memo no.139, dt.29/12/09 250.00     DBJSR33057 11/11/2010 11/11/2010 Book